Orchids of Borneo, vol. 3 : dendrobium, dendrochilum and others

Bibliographic Details
Main Author: WOOD
Format: Book
Published: Kota Kinabalu, Sabah : Sabah Society , 1997
Subjects:

MARC

LEADER 00000cam a2200000 7i4500
001 0000002008
005 20020808.0
020 0 0 |a 9679994759 
090 0 0 |a R584.4095983   |b WOO 1997 
100 1 0 |a WOOD   |h J. J. 
245 1 0 |a Orchids of Borneo, vol. 3 :   |b dendrobium, dendrochilum and others   |c J. J. Wood 
260 0 0 |a Kota Kinabalu, Sabah :   |b Sabah Society ,   |c 1997 
300 |a ix, 299 p. :   |b col. ill. ;   |c 27 cm. 
500 0 0 |a Bibliography : p. 230 and index 
650 0 0 |a Orchids   |z Borneo 
650 0 0 |a Orchids   |z Borneo   |x Identification 
998 |a JPSM 
999 |a 0000003323   |b Monograph   |c Reference   |e Default branch